00662nam a2200181Ia 4500008004100000020001500041041001200056082001600068100002400084245010800108260003500216300000800251650000800259700002000267942000700287999001500294952017100309221030s9999 xx 000 0 und d a8122405606 aEnglish a105.23bKri aK. A. Krishnamurthy 0aElectrical & Electronics Engineering for Scientist & Engineerscby K. A. Krishnamurthy, M. R. Raghuveer bWiley EasternaNew Delhic1993 a386 aECE aM. R. Raghuveer cBK c1331d1331 pBE 207g110.00l0o105.23 Krir2024-06-13 00:00:00w2022-10-30yBK003Print4070aMIETLIBbMIETLIBcBL-Academic Block- A, FL-1, CUP-12, SH-5, R-5d1998-12-2410HBE